000 01530nam0a2200349 i 4500
001 RU\NLR\BIBL_A\011277609
005 20241115065405.0
010 _a9785699836390
_92000
021 _aRU
_b2016-85541
_95599
035 _a(NLR Aleph) 011277609
090 _a10857000
_c10857000
100 _a20161124d2016 um y0rusy50 ca
101 0 _arus
102 _aRU
105 _aac||z|||001zy
200 1 _aШефы дома
_eрецепты, истории и фотографии
_e[сборник]
_fMasterChef
_gфот. Дэвид Лофтус
210 _aМосква
_cЭ
_d2016
215 _a335 с.
_cцв. ил., портр.
_d29
225 1 _aКулинария
_iВилки против ножей
300 _aЗагл. ориг.: The masters at home
320 _aУказ.: с. 330-335
327 1 _aНа обл. содерж.: авт. рецептов: Ферран Адриа, Андони Адурис, Елена Арсак, Джейсон Атертон, Джо Бастианич, Лидия Бастианич, Клод Баси, Массимо Боттура, Тэцуя Вакуда, Питер Гилмор [и др.]
333 _a16+
454 0 _12001#$aThe masters at home
_tThe masters at home
606 _aКулинария
_xРецептура
_92080572
_3RU\NLR\AUTH\661256513
686 1 _aЛ997
942 _cBOOK
980 _aNBR